<?xml version="1.0" encoding="UTF-8"?><?xml-stylesheet type="text/xsl" href="static/style.xsl"?><OAI-PMH xmlns="http://www.openarchives.org/OAI/2.0/" xmlns:xsi="http://www.w3.org/2001/XMLSchema-instance" xsi:schemaLocation="http://www.openarchives.org/OAI/2.0/ http://www.openarchives.org/OAI/2.0/OAI-PMH.xsd"><responseDate>2026-06-01T12:18:41Z</responseDate><request verb="GetRecord" identifier="oai:riuma.uma.es:10630/24041" metadataPrefix="marc">https://riuma.uma.es/rest/oai/request</request><GetRecord><record><header><identifier>oai:riuma.uma.es:10630/24041</identifier><datestamp>2026-02-03T12:10:46Z</datestamp><setSpec>com_10630_2254</setSpec><setSpec>col_10630_37959</setSpec></header><metadata><record xmlns="http://www.loc.gov/MARC21/slim" xmlns:dcterms="http://purl.org/dc/terms/" xmlns:doc="http://www.lyncode.com/xoai" xmlns:xsi="http://www.w3.org/2001/XMLSchema-instance" xsi:schemaLocation="http://www.loc.gov/MARC21/slim http://www.loc.gov/standards/marcxml/schema/MARC21slim.xsd">
   <leader>00925njm 22002777a 4500</leader>
   <datafield ind2=" " ind1=" " tag="042">
      <subfield code="a">dc</subfield>
   </datafield>
   <datafield ind2=" " ind1=" " tag="720">
      <subfield code="a">Rodríguez-Cano, Miguel Ángel</subfield>
      <subfield code="e">author</subfield>
   </datafield>
   <datafield ind2=" " ind1=" " tag="720">
      <subfield code="a">García-Mateos, Francisco José</subfield>
      <subfield code="e">author</subfield>
   </datafield>
   <datafield ind2=" " ind1=" " tag="720">
      <subfield code="a">Ruiz-Rosas, Ramiro Rafael</subfield>
      <subfield code="e">author</subfield>
   </datafield>
   <datafield ind2=" " ind1=" " tag="720">
      <subfield code="a">Rodríguez-Mirasol, José</subfield>
      <subfield code="e">author</subfield>
   </datafield>
   <datafield ind2=" " ind1=" " tag="720">
      <subfield code="a">Cordero-Alcántara, Tomás</subfield>
      <subfield code="e">author</subfield>
   </datafield>
   <datafield ind2=" " ind1=" " tag="720">
      <subfield code="a">Rosas-Martínez, Juana María</subfield>
      <subfield code="e">author</subfield>
   </datafield>
   <datafield ind2=" " ind1=" " tag="260">
      <subfield code="c">2022-04-27</subfield>
   </datafield>
   <datafield ind2=" " ind1=" " tag="520">
      <subfield code="a">Vivimos una crisis climática generada por el creciente consumo de combustibles fósiles. Es por este motivo que se hace necesario buscar fuentes de energía alternativas, que sean renovables y no aumenten las emisiones de gases de efecto invernadero. En este sentido, la producción de hidrocarburos a partir de gas de síntesis procedente de biomasa, vía Fischer-Tropsch, puede ser una alternativa a los combustibles fósiles tradicionales.&#xd;
En este trabajo se aborda la preparación de catalizadores fibrilares de hierro, preparados en un solo paso, mediante la técnica de electrohilado de disoluciones de lignina/(Fe(NO3)3·9H2O)/etanol. Los materiales fibrilares obtenidos se han estabilizado en aire a 0.5 ºC/min, hasta 200 ºC y durante 12 h. Finalmente, las fibras de lignina estabilizadas se han tratado en N2 a 500, 650 y 800 ºC y en CO2 a 800 ºC. Estos catalizadores se han usado en el proceso Fischer-Tropsch a alta temperatura (HTFT), en un reactor de lecho fijo a 20 bar, 340 ºC y relación H2/CO=1.&#xd;
El catalizador que presenta mayor conversión ha sido el catalizador preparado a 800 ºC en N2, el cual presenta, además, la distribución de productos más elevada hacia hidrocarburos de cadena corta C2-C5.</subfield>
   </datafield>
   <datafield ind1="8" ind2=" " tag="024">
      <subfield code="a">https://hdl.handle.net/10630/24041</subfield>
   </datafield>
   <datafield tag="653" ind2=" " ind1=" ">
      <subfield code="a">Lignina</subfield>
   </datafield>
   <datafield tag="653" ind2=" " ind1=" ">
      <subfield code="a">Fibras de carbono</subfield>
   </datafield>
   <datafield tag="653" ind2=" " ind1=" ">
      <subfield code="a">Catálisis heterogénea</subfield>
   </datafield>
   <datafield tag="653" ind2=" " ind1=" ">
      <subfield code="a">Ingeniería química</subfield>
   </datafield>
   <datafield tag="653" ind2=" " ind1=" ">
      <subfield code="a">Catalizadores</subfield>
   </datafield>
   <datafield ind2="0" ind1="0" tag="245">
      <subfield code="a">Fibras de carbón con hierro como catalizadores Fischer-Tropsch preparados en un solo paso mediante el electrohilado de lignina.</subfield>
   </datafield>
</record>
</metadata></record></GetRecord></OAI-PMH>